Manejo de las máquinas herramientas

Saved in:
Bibliographic Details
Main Authors: Burghardt, Henry D (Author), Axelrod, Aaron (Author), Anderson, James (Author)
Format: Book
Language:Spanish
Published: Madrid Del Castillo 1965
Edition:5a. ed
Subjects:
Tags: Add Tag
No Tags, Be the first to tag this record!

MARC

LEADER 00000nam a2200000 a 4500
001 UCP0886
003 CL-VaPUC
008 990319e19650000SP |||||||||||||||||spa|d
082 0 4 |a 621.902  |b BUR  |2 21 
100 0 |a Burghardt, Henry D  |e author  |9 426508 
700 0 |a Axelrod, Aaron  |e author  |9 426509 
700 0 |a Anderson, James  |e author  |9 426510 
245 1 0 |a Manejo de las máquinas herramientas 
250 |a 5a. ed 
300 |a 2 v 
942 |c BK 
945 |d 19990319 00:00:00  |a lriquelm 
260 |a Madrid  |b Del Castillo  |c 1965 
500 |a v.1: Seguridad en el trabajo. Instrumentos de medida. Trabajos de banco. La máquina de taladrar. El torno. Trabajos de forja 
500 |a v.2: Limadoras. Cepilladoras. Fresadoras. Rectificadoras. Hidráulica. Sierras de cinta para metales. Metalurgia. Fluidos de corte 
650 0 |a Máquinas herramientas  |9 262583 
650 0 |a Talleres mecánicos  |9 271561 
650 7 |a TALADROS  |2 CL-VaPUC  |9 271531 
650 7 |a TORNOS  |2 CL-VaPUC  |9 426511 
650 0 |a Soldaduras  |9 340447 
650 7 |a LIMADORAS  |2 CL-VaPUC  |9 426512 
650 7 |a CEPILLADORAS  |2 CL-VaPUC  |9 271864 
650 7 |a FRESADORAS  |2 CL-VaPUC  |9 267305 
650 7 |a RECTIFICADORAS  |2 CL-VaPUC  |9 420712 
650 7 |a SISTEMAS HIDRAULICOS  |2 CL-VaPUC  |9 418808 
650 0 |a Metalurgia  |9 263720 
650 0 |a Tratamiento térmico   |9 262650 
583 |a last modification  |c 19990319 00:00:00  |k Rodrigo Vera 
999 |c 279621  |d 279619